| 000 | 00754nam a2200265Ia 4500 | ||
|---|---|---|---|
| 003 | OSt | ||
| 005 | 20220928130254.0 | ||
| 006 | a|||||r|||| 00| 0 | ||
| 007 | ta | ||
| 008 | 220927b |||||||| |||| 00| 0 eng d | ||
| 020 | _c5741.8199999999997 | ||
| 024 | _a118305 | ||
| 037 |
_b138, 26/11/2012, Pioneer Book Distributors _cTextual |
||
| 040 |
_aSDCL _cSDCL _beng |
||
| 041 |
_2eng _aeng |
||
| 082 | _aD651:911, Q2 | ||
| 100 | _aElali Taan S | ||
| 245 | 0 | _aDiscrete systems and digital signal processing with MATLAB. | |
| 250 | _a2nd | ||
| 260 | _c2012 | ||
| 300 |
_axx,599p _ccm. |
||
| 650 | _aI I C | ||
| 942 |
_hD651:911, Q2 _cTEXL _2CC |
||
| 999 |
_c785866 _d785866 |
||